Manufacturing processes for textile and fashion design professionals / (Record no. 30353)

MARC details
000 -LEADER
fixed length control field 02672nam a2200409 i 4500
001 - CONTROL NUMBER
control field 17987490
003 - CONTROL NUMBER IDENTIFIER
control field EG-ScBUE
005 - DATE AND TIME OF LATEST TRANSACTION
control field 20230514100118.0
008 - FIXED-LENGTH DATA ELEMENTS--GENERAL INFORMATION
fixed length control field 140103t2014 nyua f b 001 0 eng d
020 ## - INTERNATIONAL STANDARD BOOK NUMBER
International Standard Book Number 9780500517413
035 ## - SYSTEM CONTROL NUMBER
System control number (OCoLC)ocn881214640
040 ## - CATALOGING SOURCE
Original cataloging agency ERASA
Language of cataloging eng
Description conventions rda
Transcribing agency ERASA
Modifying agency UKMGB
-- CDX
-- YDXCP
-- OCLCO
-- BDX
-- OCLCQ
-- LTSCA
-- UAB
-- OCLCF
-- OCL
-- QGK
-- DLC
-- EG-ScBUE
082 04 - DEWEY DECIMAL CLASSIFICATION NUMBER
Classification number 677.028
Edition number 22
Item number THO
100 1# - MAIN ENTRY--PERSONAL NAME
Personal name Thompson, Rob
Titles and other words associated with a name (Designer),
Relator term author.
245 10 - TITLE STATEMENT
Title Manufacturing processes for textile and fashion design professionals /
Statement of responsibility, etc Rob Thompson ; photographs by Martin Thompson.
264 #1 - PUBLICATION, DISTRIBUTION, ETC. (IMPRINT)
Place of publication, distribution, etc New York :
Name of publisher, distributor, etc Thames & Hudson,
Date of publication, distribution, etc 2014.
264 #4 - PUBLICATION, DISTRIBUTION, ETC. (IMPRINT)
Date of publication, distribution, etc ©2014
300 ## - PHYSICAL DESCRIPTION
Extent 544 pages :
Other physical details color illustrations ;
Dimensions 29 cm
336 ## - CONTENT TYPE
Content type term text
Content type code txt
Source rdacontent
336 ## - CONTENT TYPE
Content type term still image
Content type code sti
Source rdacontent
337 ## - MEDIA TYPE
Media type term unmediated
Media type code n
Source rdamedia
338 ## - CARRIER TYPE
Carrier type term volume
Carrier type code nc
Source rdacarrier
504 ## - BIBLIOGRAPHY, ETC. NOTE
Bibliography, etc Includes bibliographical references and index.
520 ## - SUMMARY, ETC.
Summary, etc To be truly prized and employable, textile and fashion designers have to be aware of, and knowledgeable about, a wide range of processes to enable their designs to be manufactured effectively, often thousands of miles from their design studio. This much-needed new reference is the only encyclopedic guide to manufacturing processes and materials that is truly relevant for textile and fashion designers. It is organized into five main parts: fiber and yarn technology; textile technology; construction technology; life cycle strategies; and materials appendix. This book is a complete overview of the life cycle of textile and fashion manufacturing, from the spinning of yarn to recycling. All the processes feature detailed step-by-step case studies showing the process in manufacture at a leading international supplier. The appendix features essential knowledge on over sixty natural and synthetic materials. With around 1,400 specially commissioned photographs and technical illustrations, this is the indispensable, reliable, convenient, and highly accessible practical reference for all textile and fashion designers.--
Assigning source Source other than Library of Congress.
650 #7 - SUBJECT ADDED ENTRY--TOPICAL TERM
Topical term or geographic name as entry element Textile fabrics.
Source of heading or term BUEsh
650 #7 - SUBJECT ADDED ENTRY--TOPICAL TERM
Topical term or geographic name as entry element Textile design.
Source of heading or term BUEsh
650 #7 - SUBJECT ADDED ENTRY--TOPICAL TERM
Topical term or geographic name as entry element Manufacturing processes.
Source of heading or term BUEsh
650 #7 - SUBJECT ADDED ENTRY--TOPICAL TERM
Topical term or geographic name as entry element Clothing trade.
Source of heading or term BUEsh
650 #7 - SUBJECT ADDED ENTRY--TOPICAL TERM
Topical term or geographic name as entry element Fashion design.
Source of heading or term BUEsh
653 ## - INDEX TERM--UNCONTROLLED
Resource For college Arts and Design
Arrived date list May2023
655 ## - INDEX TERM--GENRE/FORM
Form subdivision Reading book
700 1# - ADDED ENTRY--PERSONAL NAME
Personal name Thompson, Martin
Titles and other words associated with a name (Photographer),
Relator term photographer.
906 ## - LOCAL DATA ELEMENT F, LDF (RLIN)
a 7
b cbc
c copycat
d 2
e epcn
f 20
g y-gencatlg
942 ## - ADDED ENTRY ELEMENTS (KOHA)
Source of classification or shelving scheme Dewey Decimal Classification
Koha item type Book - Borrowing
Holdings
Withdrawn status Lost status Source of classification or shelving scheme Damaged status Not for loan Collection code Home library Current library Shelving location Date acquired Source of acquisition Cost, normal purchase price Serial Enumeration / chronology Total Checkouts Full call number Barcode Date last seen Cost, replacement price Price effective from Koha item type
    Dewey Decimal Classification     Baccah Central Library Central Library First floor 14/05/2023 Purchase 1939.00 37380   677.028 THO 000056627 15/07/2025 2423.75 14/05/2023 Book - Borrowing